000 00608nam a2200181 a 4500
005 20140412111343.0
008 040205s19uu xx 00 eng d
020 _a0-06-446096-7
050 _aTR(PS E
_bZo 1987
100 _aGibbons, Gail
245 _aZoo /
_cGail Gibbons.
260 _a[s.l.] :
_bHarperCollins Publishers,
_c1987.
300 _a[28] p. ; ill.
520 _aProvides a behind-the-scenes look at a working day at the zoo, from the moment the workers arrive until the night guard locks the gate.
650 _aZoos--Juvenile literature
650 _aChildren stories
999 _c105166
_d105166